000
00304nam a2200109Ia 4500
008
171211s9999 xx 000 0 und d
245
_a
Dulcimer Maker: The Craft of Homer Ledford
245
_c
R. Gerald Alvey
260
_c
2003
650
_x
music
856
_u
http://down.ebook777.com/062/0813190517.pdf
999
_c
348649
_d
348649